000 00726nam a2200289Ia 4500
005 20260324142508.0
008 008 260324s9999 xx 000 0 eng d
020 _a9781315048598
037 _aEBOOK
040 _aCRL
040 _beng
040 _cCRL
041 _2eng
041 _aeng
084 _qCRL
100 _aJohn Graziano
_91212148
245 0 _aItalian Opera in English
245 0 _bCinderella, Adapted by M. Rophino Lacy, 1831, from Gioachino Rossini, La Cenerentol
260 _bTaylor and Francis
260 _c1994
365 _a
365 _b195
856 _uhttp://www.taylorfrancis.com/books/9781315048598
942 _cEBOOK
999 _c1816414
_d1816414